000 00554nam a22001817a 4500
005 20251108165344.0
008 250721s1976 xx 000 0 ara d
082 1 4 _a961.202/محم
100 1 _aالمرزوقي، محمد
245 1 0 _aدماء على الحدود :
_bثورة 1915 /
264 1 _aتونس :
_bالدار العربية للكتاب،
_c1976.
300 _a406ص : فهارس
490 0 _aمعارك و أبطال ؛ 3
650 1 7 _aتاريخ ليبيا
650 1 7 _aالإستعمار
942 _2ddc
_cBK
999 _c25871
_d25871